01411cam a2200337 i 45000010005000000030006000050050017000110080041000280100017000690200018000860400032001040420014001360430012001500500018001620820010001801000026001902450052002162500041002682640035003093000023003445050007003675200352003745210018007265210018007446500056007626500041008189060045008599420015009049990015009199520139009345936FISKH20250210105801.0140721s2015 nyu c 000 1 eng c a 2014028707 a9780545609579 aNJQ/DLCbengerdacNJQdDLC alcacapcc an-us-pa a PZ7.S52833 W a813.61 aShang, Wendy Wan Long14aThe way home looks now /cWendy Wan-Long Shang. aThis edition first published in 2017 1aNew York :bScholastic,c2015. a261 pages :c20 cm aP  aIn 1972, after his older brother is killed in a car crash, Peter Lee's mother is paralyzed by grief and his traditional Chinese father seems emotionally frozen--but Peter hopes that if he joins a Little League team in Pittsburgh he can reawaken the passion for baseball that all the members of his family used to share and bring them back to life.8 a650 bLexile 8 aP bRaz-Plus  0aChinese American familieszPennsylvaniazPittsburgh 0aBaseball stories.2Juvenile fiction. a7bcbccorignewd1eecipf20gy-gencatlg 2ddccBKn0 c5936d5936 00102ddc40708JUVFa001b001cTTP Oranged2025-02-10l0oSHA 813.6 PZ7.S52833 Wp2025-0465r2025-02-10 10:57:59t1w2025-02-10yBK